| 000 | 00542nam a22001817a 4500 | ||
|---|---|---|---|
| 005 | 20240311122051.0 | ||
| 010 | _aENG-139617 | ||
| 020 |
_c295.00 _a9789384346928 |
||
| 035 | _aEN-123149 | ||
| 037 | _bDBAD/PUB | ||
| 082 | _a920 | ||
| 100 |
_aDe Amalendu _963023 |
||
| 245 |
_aIn Search of Siraj's Son and Descendants/ _cTranslated by Nandini Guha |
||
| 260 |
_aKolkata _bParul Prakashani Pvt Ltd _c2012 |
||
| 270 |
_bKolkata _a8/3 Chintamoni Das Lane _e700009 |
||
| 300 |
_a96p; _c25cm(hb) |
||
| 942 |
_2ddc _cEN _h920 _mAMA |
||
| 999 |
_c201342 _d201342 |
||